00711nam a2200181 a 450000100100000000500170001000800410002702000140006804000250008204100130010710000230012024501490014326000410029230000360033370000380036995201050040799900170051200004491320201002045727.0150119s199u dr bc 000 0 spa d a130040397 aDO-SdBNPbspacBNPHU17aspabeng1 aMiura, Ivan95756610aDominican Republic. :bRepública Dominicana. Republique Dominicaine. Dominicanische Republik /cIvan Miura; fotografías Tiziano de Estefano. aSanto Domingo :bDiscovery,c[199u]. a18 p. :bmapa, retrs. ;c28 cm.1 aEstefano, Tiziano deefot.972929 0010718PDaPDbPDcCTd2015-01-19iLF1l0o p44913-10r2020-06-25w2020-06-25yLFPDZNo se presta c44402d44402